|
|
|
|
| LEADER |
00959nab a2200277 i 4500 |
| 001 |
publ19635 |
| 005 |
20251104101826.0 |
| 008 |
201005s2020 hu o 000 eng d |
| 022 |
|
|
|a 2076-2615
|
| 024 |
7 |
|
|a 10.3390/ani10091677
|2 doi
|
| 024 |
7 |
|
|a 31607596
|2 mtmt
|
| 040 |
|
|
|a SZTE Publicatio Repozitórium
|b hun
|
| 041 |
|
|
|a eng
|
| 100 |
1 |
|
|a Juhász Orsolya
|
| 245 |
1 |
0 |
|a Consequences of Climate Change-Induced Habitat Conversions on Red Wood Ants in a Central European Mountain
|h [elektronikus dokumentum] :
|b A Case Study /
|c Juhász Orsolya
|
| 260 |
|
|
|c 2020
|
| 300 |
|
|
|a 14
|
| 490 |
0 |
|
|a ANIMALS
|v 10 No. 9
|
| 700 |
0 |
1 |
|a Mikó Ágnes
|e aut
|
| 700 |
0 |
1 |
|a Tenyér Anna
|e aut
|
| 700 |
0 |
1 |
|a Somogyi Anna Ágnes
|e aut
|
| 700 |
0 |
1 |
|a Aguilon Dianne Joy
|e aut
|
| 700 |
0 |
1 |
|a Kiss Péter János
|e aut
|
| 700 |
0 |
1 |
|a Bátori Zoltán
|e aut
|
| 700 |
0 |
1 |
|a Maák István Elek
|e aut
|
| 856 |
4 |
0 |
|u http://publicatio.bibl.u-szeged.hu/19635/1/animals-10-01677.pdf
|z Dokumentum-elérés
|